| 000 | 00917nam a2200241Ia 4500 | ||
|---|---|---|---|
| 008 | 240619s9999 xx 000 0 und d | ||
| 020 | _a978-99973-1-843-5 | ||
| 035 | _a7307 | ||
| 040 |
_aGS0142000 _bmon _cMN-UlNLM _dMN-UlNLM _erda |
||
| 041 | _amon | ||
| 042 | _a12499 | ||
| 084 |
_2NNA _a82.3 _bН-282 |
||
| 100 | _aНанжид Б. Энх-Оюун Б. | ||
| 245 | 0 | _aСарны үлгэр | |
| 264 |
_aУлаанбаатар _bМон судар ХХК |
||
| 300 | _a31х. | ||
| 336 |
_2rdacontent _atext _btxt |
||
| 337 |
_2rdamedia _aunmediated _bn |
||
| 338 |
_2rdacarrier _avolume _bnc |
||
| 650 | _aЭнэхүү ном нь Өнөөгийнхүүхдийн нас сэтгэхүй тэдний сонирхолд нийцэх талаас нь судалж бүтээсэн.Эрх танхил нэгэн хүү усанд явжээ.... | ||
| 942 |
_2NNA _cBK |
||
| 999 |
_c901952 _d902009 |
||